[Event "36 Open Internacional Ciudad de San Seba"]
[Site "Donostia-San Sebastian"]
[Date "2013.03.30"]
[Round "9"]
[White "Pogorelov, Ruslan"]
[Black "Troffiguer, Olivier"]
[Result "1-0"]
[WhiteElo "2403"]
[BlackElo "2119"]
[PlyCount "139"]
[EventDate "2013.03.23"]
[EventRounds "9"]
[EventCountry "ESP"]

1. Nf3 f5 2. d4 Nf6 3. g3 g6 4. c4 d6 5. b4 Bg7 6. Bb2 c6 7. Bg2 O-O 8. O-O Na6
9. Qb3 Nc7 10. a4 Kh8 11. Nbd2 Rb8 12. b5 Be6 13. Ne1 d5 14. Qc2 Rc8 15. bxc6
bxc6 16. c5 Ne4 17. Nd3 Nxd2 18. Qxd2 Bd7 19. Bc3 Ne6 20. Ba5 Qe8 21. e3 g5 22.
f4 Qg6 23. Rab1 Rb8 24. Rb4 Rxb4 25. Qxb4 gxf4 26. gxf4 Rg8 27. Qb2 Bf6 28. Rb1
Qg7 29. Qd2 Bc8 30. Kh1 h5 31. Qe2 Qg6 32. Nb4 Bd7 33. Bf3 Be8 34. Na6 h4 35.
Qf2 Qh7 36. Nc7 Nxc7 37. Bxc7 Bh5 38. Bg2 Qg6 39. a5 Rg7 40. a6 e6 41. Bd6 Rg8
42. h3 Rg7 43. Rb8+ Kh7 44. Rb7 Kh6 45. Bb8 Qh7 46. Qb2 Qg6 47. Bxa7 Qg3 48.
Rxg7 Qe1+ 49. Kh2 Bxg7 50. Bb8 Qg3+ 51. Kg1 Qe1+ 52. Bf1 Qxe3+ 53. Qf2 Bxd4 54.
Qxe3 Bxe3+ 55. Kg2 Bxc5 56. a7 Bxa7 57. Bxa7 Bd1 58. Ba6 Kg6 59. Bc8 Kf7 60.
Bf2 Ke7 61. Bxh4+ Kd6 62. Bf6 c5 63. Kf2 d4 64. Bb7 Bh5 65. h4 Kc7 66. Bf3 Bf7
67. h5 Kb6 68. h6 Bg6 69. Ke2 Kb5 70. Kd3 1-0

[Event "36 Open Internacional Ciudad de San Seba"]
[Site "Donostia-San Sebastian"]
[Date "2013.03.30"]
[Round "9"]
[White "Gagarin, Vasilij"]
[Black "Etxagibel Larranaga, Asier"]
[Result "1-0"]
[WhiteElo "2321"]
[BlackElo "2110"]
[PlyCount "75"]
[EventDate "2013.03.23"]
[EventRounds "9"]
[EventCountry "ESP"]

1. Nf3 Nf6 2. g3 d5 3. Bg2 e6 4. O-O Be7 5. c4 c6 6. d4 b5 7. b3 O-O 8. Nbd2
Bb7 9. Qc2 Nbd7 10. Rd1 Qb6 11. c5 Qc7 12. e4 dxe4 13. Nxe4 Nxe4 14. Qxe4 Nf6
15. Qc2 Nd5 16. Bg5 Bxg5 17. Nxg5 Nf6 18. Nf3 Rad8 19. Re1 Bc8 20. Rad1 Rfe8
21. Ne5 Nd5 22. Be4 g6 23. h4 Re7 24. Kg2 Bd7 25. h5 Be8 26. hxg6 hxg6 27. Qd2
f5 28. Bf3 Rh7 29. Nd3 Bf7 30. Bxd5 exd5 31. Rh1 Be8 32. Ne5 Rb8 33. Rxh7 Qxh7
34. Rh1 Qe7 35. Qh6 Qg7 36. Qg5 Rb7 37. Qd8 Qe7 38. Rh8+ 1-0

[Event "36 Open Internacional Ciudad de San Seba"]
[Site "Donostia-San Sebastian"]
[Date "2013.03.30"]
[Round "9"]
[White "Silva Rodriguez, Julio"]
[Black "Aranaz Murillo, Amalia"]
[Result "1-0"]
[WhiteElo "2141"]
[BlackElo "2275"]
[PlyCount "81"]
[EventDate "2013.03.23"]
[EventRounds "9"]
[EventCountry "ESP"]

1. e4 c6 2. d4 d5 3. e5 Bf5 4. Nf3 e6 5. Be2 Ne7 6. O-O h6 7. Nbd2 Bg6 8. Nb3
Nd7 9. a4 Nf5 10. Bd2 Be7 11. a5 Rc8 12. c4 O-O 13. Bc3 Bh5 14. Nbd2 dxc4 15.
Bxc4 c5 16. d5 exd5 17. Bxd5 Nxe5 18. Bxb7 Rc7 19. a6 Nxf3+ 20. Nxf3 Rd7 21.
Qa4 Bxf3 22. Bxf3 Nd4 23. Bb7 Bd6 24. g3 Ne2+ 25. Kg2 Nxc3 26. bxc3 Be5 27.
Rad1 Rxd1 28. Rxd1 Qf6 29. Qc4 Qe7 30. Re1 Qc7 31. Bd5 Qd6 32. Rb1 Bxc3 33. Rb7
Bd4 34. Rxa7 Qf6 35. f4 Qb6 36. Rb7 Qa5 37. a7 Qd2+ 38. Kh3 Bg1 39. Qa2 Qxa2
40. Bxa2 c4 41. Bxc4 1-0

[Event "36 Open Internacional Ciudad de San Seba"]
[Site "Donostia-San Sebastian"]
[Date "2013.03.30"]
[Round "9"]
[White "Silva Rodriguez, Fernando"]
[Black "Ortega Lopez, Mikel"]
[Result "1/2-1/2"]
[WhiteElo "2175"]
[BlackElo "2016"]
[PlyCount "68"]
[EventDate "2013.03.23"]
[EventRounds "9"]
[EventCountry "ESP"]

1. d4 Nf6 2. c4 e6 3. Nc3 Bb4 4. e3 O-O 5. Bd3 d6 6. Nge2 Nbd7 7. O-O Bxc3 8.
Nxc3 c5 9. a3 h6 10. b4 b6 11. Qf3 Rb8 12. Nb5 Bb7 13. Qg3 d5 14. cxd5 Bxd5 15.
f3 a6 16. Nc3 Bb7 17. b5 cxd4 18. exd4 Nc5 19. dxc5 Qd4+ 20. Qf2 Qxc3 21. Qc2
Qxc2 22. Bxc2 axb5 23. cxb6 Nd5 24. Bd3 Bc6 25. Bb2 Rxb6 26. Rfc1 Ra8 27. Bd4
Rba6 28. a4 Nf4 29. Bxb5 Bxb5 30. axb5 Rxa1 31. Rxa1 Rb8 32. Be5 Ne2+ 33. Kf2
Rxb5 34. Bxg7 Kxg7 1/2-1/2

[Event "36 Open Internacional Ciudad de San Seba"]
[Site "Donostia-San Sebastian"]
[Date "2013.03.30"]
[Round "9"]
[White "Sanz Rodero, Mikel"]
[Black "Aranaz Portugues, Jose Carlos"]
[Result "1-0"]
[WhiteElo "2110"]
[BlackElo "2164"]
[PlyCount "28"]
[EventDate "2013.03.23"]
[EventRounds "9"]
[EventCountry "ESP"]

1. e4 c6 2. c4 d5 3. exd5 cxd5 4. cxd5 Nf6 5. Nc3 g6 6. Nf3 Bg7 7. Bc4 O-O 8.
O-O Nbd7 9. Qb3 Nc5 10. Qa3 b6 11. Re1 Re8 12. Ne5 Ng4 13. d4 Nb7 14. Bb5 Qd6
1-0

[Event "36 Open Internacional Ciudad de San Seba"]
[Site "Donostia-San Sebastian"]
[Date "2013.03.30"]
[Round "9"]
[White "Diaz Herrero, Alvaro"]
[Black "Gagarin, Vasily"]
[Result "0-1"]
[WhiteElo "2160"]
[BlackElo "1838"]
[PlyCount "108"]
[EventDate "2013.03.23"]
[EventRounds "9"]
[EventCountry "ESP"]

1. e4 e6 2. d4 d5 3. Nc3 Nf6 4. e5 Nfd7 5. f4 c5 6. Nf3 Qb6 7. Be3 a6 8. Na4
Qa5+ 9. c3 cxd4 10. b4 Qc7 11. Qxd4 Nc6 12. Qd2 b5 13. Nb2 Nb6 14. a4 Nc4 15.
Nxc4 bxc4 16. Be2 Rb8 17. O-O Be7 18. Bd1 O-O 19. Bc2 f5 20. exf6 Bxf6 21. Nd4
Nxd4 22. Bxd4 Bxd4+ 23. Qxd4 Qb6 24. Rad1 Qxd4+ 25. Rxd4 g6 26. g3 Rb7 27. Re1
Kf7 28. Re5 Rb6 29. Kf2 Rb7 30. Ke3 Rb6 31. Rd2 Bd7 32. Kd4 Rb7 33. Rde2 Re8
34. Re1 Kf6 35. f5 gxf5 36. Bxf5 h6 37. Bc2 Rh8 38. Rf1+ Ke7 39. Bd1 Rbb8 40.
Rfe1 Kd6 41. Bg4 Rbe8 42. b5 axb5 43. axb5 Re7 44. Rf1 Rg7 45. Bh3 Rg6 46. Rf7
Bxb5 47. Rb7 Bc6 48. Rb6 Rc8 49. Ra6 Rc7 50. Rb6 Rb7 51. Rxb7 Bxb7 52. Re2 Bc6
53. Re5 Bd7 54. Bg4 Rxg4+ 0-1

[Event "36 Open Internacional Ciudad de San Seba"]
[Site "Donostia-San Sebastian"]
[Date "2013.03.30"]
[Round "9"]
[White "Galarraga Lasa, Jon Gurutz"]
[Black "Guijarro Galan, Jose Luis"]
[Result "0-1"]
[WhiteElo "1904"]
[BlackElo "2154"]
[PlyCount "96"]
[EventDate "2013.03.23"]
[EventRounds "9"]
[EventCountry "ESP"]

1. d4 d5 2. c4 e6 3. Nc3 c6 4. cxd5 exd5 5. Nf3 Nf6 6. Bg5 Be7 7. e3 O-O 8. Bd3
Bg4 9. h3 Bh5 10. Qb3 Qb6 11. Qc2 Bg6 12. Ne5 Re8 13. O-O Nbd7 14. Bxg6 hxg6
15. f4 Rad8 16. Rf3 Nh7 17. Bxe7 Rxe7 18. g4 g5 19. Raf1 gxf4 20. Nxd7 Rdxd7
21. Na4 Qc7 22. Nc5 Ng5 23. Nxd7 Nxf3+ 24. Rxf3 Qxd7 25. exf4 Re4 26. Qc3 Qe7
27. g5 Re1+ 28. Kg2 Qe2+ 29. Rf2 Qe4+ 30. Rf3 Rd1 31. Kf2 Qxd4+ 32. Ke2 Qxc3
33. Rxc3 Rh1 34. Rb3 Rh2+ 35. Kf1 b6 36. Kg1 Rc2 37. f5 Kf8 38. a4 Rc4 39. a5
b5 40. Kg2 a6 41. Kg3 c5 42. Re3 Rc2 43. Re5 d4 44. Rd5 Ke7 45. b4 cxb4 46.
Rxd4 b3 47. Rb4 b2 48. h4 Kd6 0-1

[Event "36 Open Internacional Ciudad de San Seba"]
[Site "Donostia-San Sebastian"]
[Date "2013.03.30"]
[Round "9"]
[White "Arana Garate, Jon"]
[Black "Gonzalez Pereira, Asier"]
[Result "0-1"]
[WhiteElo "1857"]
[BlackElo "2053"]
[PlyCount "98"]
[EventDate "2013.03.23"]
[EventRounds "9"]
[EventCountry "ESP"]

1. d4 Nf6 2. Nf3 c5 3. c3 e6 4. Bf4 b6 5. e3 Bb7 6. Nbd2 Be7 7. Bd3 cxd4 8.
exd4 d6 9. O-O O-O 10. Qe2 Nbd7 11. Rae1 Qc7 12. Bg3 Rfe8 13. Ng5 Nf8 14. f4 h6
15. Nge4 Nxe4 16. Nxe4 f5 17. Nd2 a6 18. Qf2 Qc6 19. Re3 b5 20. Rfe1 Bf6 21.
Nf3 g5 22. a3 g4 23. Nh4 a5 24. Qe2 Bxh4 25. Bxb5 Qb6 26. Bxh4 Reb8 27. Rxe6
Bd5 28. Bc4 Qc6 29. Bxd5 Qxd5 30. Re7 Ng6 31. Bf6 Nxe7 32. Qxe7 Rb7 33. Qe2
Rab8 34. b4 Kf7 35. c4 Qe4 36. Qd2 Qc6 37. d5 Qxc4 38. Bh4 axb4 39. axb4 Qxb4
40. Qd3 Qxf4 41. Rf1 Qxf1+ 42. Qxf1 Rb1 43. Be1 Kf6 44. Qf2 Re8 45. Qd4+ Re5
46. h4 g3 47. Qxe5+ Kxe5 48. Kf1 Kxd5 49. Ke2 Rxe1+ 0-1

[Event "36 Open Internacional Ciudad de San Seba"]
[Site "Donostia-San Sebastian"]
[Date "2013.03.30"]
[Round "9"]
[White "Izagirre Alsua, Aritz"]
[Black "Segovia Sanchez, Antonio"]
[Result "0-1"]
[WhiteElo "1850"]
[BlackElo "2018"]
[PlyCount "102"]
[EventDate "2013.03.23"]
[EventRounds "9"]
[EventCountry "ESP"]

1. e4 g6 2. d4 Bg7 3. Nc3 c6 4. f4 d5 5. e5 h5 6. Nf3 Nh6 7. Bd3 Bg4 8. h3 Bxf3
9. Qxf3 e6 10. Be3 Nf5 11. O-O-O h4 12. g4 hxg3 13. Bxf5 gxf5 14. Qxg3 Bf8 15.
h4 Nd7 16. Kb1 Qb6 17. Qg5 Qb4 18. h5 Bh6 19. Qh4 Qe7 20. Qh2 O-O-O 21. Bf2
Rdg8 22. Rdg1 Qf8 23. Bh4 Rh7 24. Rxg8 Qxg8 25. Rg1 Rg7 26. Rxg7 Qxg7 27. a3
Qg4 28. Bg5 Bxg5 29. fxg5 Nf8 30. g6 fxg6 31. hxg6 Qxg6 32. Ne2 Qh7 33. Qg3 Ng6
34. Qg5 Kd7 35. Qf6 Qg8 36. b3 Ke8 37. Ng3 Qf7 38. Qg5 Nf8 39. Nh5 Qg6 40. Nf6+
Kf7 41. Qd2 Nh7 42. Nd7 Ke7 43. Nb8 Qf7 44. Qa5 Kf8 45. Qd8+ Kg7 46. Nd7 f4 47.
Nc5 f3 48. Qh4 f2 49. Qg4+ Kh8 50. Nxe6 f1=Q+ 51. Ka2 Q1f5 0-1

[Event "36 Open Internacional Ciudad de San Seba"]
[Site "Donostia-San Sebastian"]
[Date "2013.03.30"]
[Round "9"]
[White "Picazo Gonzalez, Alejandro"]
[Black "Puga Senar, Fernando"]
[Result "1-0"]
[WhiteElo "1993"]
[BlackElo "1793"]
[PlyCount "117"]
[EventDate "2013.03.23"]
[EventRounds "9"]
[EventCountry "ESP"]

1. e4 e6 2. d4 d5 3. exd5 exd5 4. c4 c6 5. Nc3 Nf6 6. cxd5 cxd5 7. Nf3 Nc6 8.
Bd3 Be7 9. O-O O-O 10. h3 Re8 11. Re1 h6 12. Be3 Bb4 13. Nd2 Be6 14. Rc1 Qd7
15. Bb1 a6 16. a3 Bd6 17. Na4 Rab8 18. Nc5 Bxc5 19. dxc5 Bf5 20. Nf3 Rbd8 21.
Bxf5 Qxf5 22. Nd4 Nxd4 23. Bxd4 Rxe1+ 24. Qxe1 Re8 25. Qf1 Ne4 26. Rd1 Rc8 27.
b4 Ng5 28. Qd3 Qxd3 29. Rxd3 Rd8 30. f3 f6 31. Bf2 Ne6 32. Bg3 Kf7 33. Kf2 f5
34. Bd6 d4 35. a4 Rc8 36. Rd1 g5 37. g3 Rd8 38. Ra1 Rc8 39. Rc1 Kf6 40. Ke2 Kf7
41. Kd3 Kg6 42. Re1 Kf6 43. Kc4 Kf7 44. b5 axb5+ 45. Kxb5 Rc6 46. Rb1 Kf6 47.
Kc4 Ra6 48. Kd5 Rxa4 49. Be5+ Kg6 50. Kxe6 Ra3 51. Rxb7 d3 52. Rd7 Ra6+ 53. Ke7
Rc6 54. Rxd3 Rxc5 55. Rd6+ Kh7 56. Kf6 f4 57. Rd7+ Kg8 58. Kg6 Rc6+ 59. Bf6 1-0

[Event "36 Open Internacional Ciudad de San Seba"]
[Site "Donostia-San Sebastian"]
[Date "2013.03.30"]
[Round "9"]
[White "Schuettler, Thomas"]
[Black "Berdote Alonso, Carlos"]
[Result "1/2-1/2"]
[WhiteElo "1993"]
[BlackElo "1782"]
[PlyCount "64"]
[EventDate "2013.03.23"]
[EventRounds "9"]
[EventCountry "ESP"]

1. d4 Nf6 2. Nf3 d5 3. c4 e6 4. Nc3 Be7 5. Bg5 Nbd7 6. Qc2 h6 7. Bh4 O-O 8. e3
a6 9. Rd1 b6 10. cxd5 exd5 11. Bd3 Bb7 12. O-O c5 13. Qe2 Re8 14. Bb1 Qc7 15.
Qc2 Rad8 16. Rc1 Nf8 17. Ne2 Ne4 18. Bxe7 Qxe7 19. a4 Rc8 20. Nc3 Nd7 21. Qd3
Ndf6 22. Ne5 Qe6 23. Ba2 Qd6 24. Rfe1 Re7 25. Nxe4 Nxe4 26. Rc2 Rec7 27. Rec1
c4 28. Qe2 Qb4 29. b3 c3 30. Nd3 Qa3 31. Rb1 Nd2 32. Nc1 Qb4 1/2-1/2

[Event "36 Open Internacional Ciudad de San Seba"]
[Site "Donostia-San Sebastian"]
[Date "2013.03.30"]
[Round "9"]
[White "Picazo Gonzalez, Ana"]
[Black "Darrigues, Alain"]
[Result "1-0"]
[WhiteElo "1762"]
[BlackElo "1991"]
[PlyCount "93"]
[EventDate "2013.03.23"]
[EventRounds "9"]
[EventCountry "ESP"]

1. d4 Nf6 2. c4 c5 3. d5 e6 4. Nc3 exd5 5. cxd5 d6 6. e4 g6 7. f4 Bg7 8. Nf3
O-O 9. Be2 Re8 10. e5 dxe5 11. fxe5 Ng4 12. Bg5 f6 13. exf6 Bxf6 14. Qd2 Bxg5
15. Qxg5 Qxg5 16. Nxg5 Ne3 17. Kf2 Na6 18. Nge4 Nc2 19. Nf6+ Kf8 20. Rac1 Rxe2+
21. Kxe2 Nd4+ 22. Kd2 h5 23. Rhf1 Bf5 24. h3 h4 25. Rce1 Rd8 26. Re5 Nb4 27.
Nfe4 Nbc6 28. dxc6 Nf3+ 29. Kc1 Nxe5 30. Nxc5 bxc6 31. Ne6+ Ke7 32. Nxd8 Kxd8
33. b3 Kc7 34. Kd2 Bc8 35. Rf4 g5 36. Re4 Ng6 37. Ne2 Bd7 38. Kc3 c5 39. b4 Bf5
40. Rc4 Kd6 41. Rxc5 Ne5 42. a3 Bd7 43. Kd4 Nf7 44. Nc3 Ke6 45. Ne4 Ba4 46.
Nxg5+ Nxg5 47. Rxg5 1-0

[Event "36 Open Internacional Ciudad de San Seba"]
[Site "Donostia-San Sebastian"]
[Date "2013.03.30"]
[Round "9"]
[White "Aranzabal Minguez, Alex"]
[Black "Abalia Patino, Aritz"]
[Result "1-0"]
[WhiteElo "1874"]
[BlackElo "1658"]
[PlyCount "65"]
[EventDate "2013.03.23"]
[EventRounds "9"]
[EventCountry "ESP"]

1. d4 Nf6 2. Nf3 g6 3. c4 Bg7 4. Nc3 O-O 5. Bf4 d6 6. e3 Nbd7 7. h3 c6 8. Be2
Qc7 9. O-O e5 10. Bh2 Re8 11. Rb1 a5 12. a3 Re7 13. b4 Ne8 14. c5 dxc5 15. bxc5
f6 16. Na4 Nf8 17. Nb6 Rb8 18. Nxc8 Qxc8 19. Qb3+ Kh8 20. dxe5 fxe5 21. Ng5 Ne6
22. Bg4 N8c7 23. Rfd1 Qe8 24. Nxe6 Nxe6 25. Bxe6 Rxe6 26. Qb6 a4 27. Rd2 Qe7
28. Rbd1 Bf8 29. Rd7 Qxc5 30. Qc7 Re7 31. Rxe7 Bxe7 32. Qxb8+ Kg7 33. Qxe5+ 1-0

[Event "36 Open Internacional Ciudad de San Seba"]
[Site "Donostia-San Sebastian"]
[Date "2013.03.30"]
[Round "9"]
[White "Salgado Cea, Gorka"]
[Black "Ferreruela Romero, Jose Joaqui"]
[Result "1/2-1/2"]
[WhiteElo "1855"]
[BlackElo "2022"]
[PlyCount "111"]
[EventDate "2013.03.23"]
[EventRounds "9"]
[EventCountry "ESP"]

1. e4 e6 2. d4 b6 3. g3 Bb7 4. Bg2 f5 5. Qe2 Nf6 6. Nd2 c5 7. dxc5 Bxc5 8. Nh3
Nc6 9. c3 Ne7 10. O-O a5 11. Re1 O-O 12. Nf4 Ba6 13. c4 Rc8 14. b3 Nc6 15. Bb2
Nd4 16. Qd1 Ng4 17. Nd3 fxe4 18. Nxe4 Nf6 19. Ndxc5 bxc5 20. Nxc5 Rxc5 21. Qxd4
Rf5 22. Rad1 Qc7 23. Ba3 Rf7 24. Bd6 Qc8 25. Rd2 Bb7 26. Bf1 Qc6 27. f3 h5 28.
Bg2 Rxf3 29. Qc5 Qxc5+ 30. Bxc5 Ne4 31. Bxf3 Rxf3 32. Rxe4 Bxe4 33. Rxd7 h4 34.
Bf2 Rc3 35. Kf1 Bf3 36. Rd2 e5 37. Bc5 a4 38. Bb4 Rc1+ 39. Kf2 e4 40. Ba5 h3
41. Bb6 axb3 42. axb3 Rb1 43. Be3 Rxb3 44. Rc2 Kf7 45. c5 Ke8 46. c6 Kd8 47.
c7+ Kc8 48. Bf4 Bg4 49. Bd6 Rb5 50. Bf4 g5 51. Be3 Rf5+ 52. Ke1 Rb5 53. Kd2 Rb1
54. Rc1 Rb2+ 55. Rc2 Rb5 56. Rc5 1/2-1/2

[Event "36 Open Internacional Ciudad de San Seba"]
[Site "Donostia-San Sebastian"]
[Date "2013.03.30"]
[Round "9"]
[White "Sanchez Ruesga, Hector"]
[Black "Martin-Consuegra Barrilero, Ja"]
[Result "1-0"]
[WhiteElo "1989"]
[BlackElo "1886"]
[PlyCount "121"]
[EventDate "2013.03.23"]
[EventRounds "9"]
[EventCountry "ESP"]

1. d4 d6 2. Nf3 Bg4 3. e4 Nf6 4. Bd3 Nbd7 5. Nbd2 c6 6. c3 e5 7. O-O Be7 8. Qc2
O-O 9. h3 Bh5 10. b3 Rc8 11. Ba3 Re8 12. Rfe1 Qc7 13. Re3 Bg6 14. Nh4 Nh5 15.
Nxg6 hxg6 16. g3 d5 17. Bxe7 Rxe7 18. dxe5 Nxe5 19. Rae1 Nxd3 20. Qxd3 dxe4 21.
Nxe4 Rce8 22. Ng5 Nf6 23. c4 Rxe3 24. Rxe3 Rxe3 25. Qxe3 c5 26. Kg2 Kf8 27. Nf3
Nd7 28. Qe4 Nf6 29. Qd3 Qd7 30. Qe3 Qc6 31. Kh2 Nd7 32. Qg5 f6 33. Qf4 Ke7 34.
h4 a6 35. Qg4 Nf8 36. h5 gxh5 37. Qxg7+ Ke8 38. Nh4 b5 39. Nf5 Qe6 40. Ne3 Qf7
41. Qh6 bxc4 42. bxc4 Qg6 43. Qf4 Nd7 44. Qc7 Ne5 45. Qc8+ Kf7 46. Qxc5 Nf3+
47. Kg2 Ne5 48. Qc7+ Kg8 49. Qd8+ Kh7 50. Qe7+ Kh8 51. Qd8+ Kh7 52. Qd5 h4 53.
c5 hxg3 54. fxg3 Qb1 55. c6 Qc1 56. Qe4+ Kg8 57. Nd5 Nxc6 58. Nxf6+ Kf7 59. Ng4
Qd2+ 60. Kh3 Qd7 61. Qxc6 1-0

[Event "36 Open Internacional Ciudad de San Seba"]
[Site "Donostia-San Sebastian"]
[Date "2013.03.30"]
[Round "9"]
[White "Fernandez Zubitur, Jokin"]
[Black "Rodriguez Rodriguez, Luis J"]
[Result "1/2-1/2"]
[WhiteElo "1966"]
[BlackElo "1881"]
[PlyCount "112"]
[EventDate "2013.03.23"]
[EventRounds "9"]
[EventCountry "ESP"]

1. e4 e5 2. Nf3 Nc6 3. d4 exd4 4. Bc4 Be7 5. O-O d6 6. Nxd4 Nf6 7. Nc3 Nxd4 8.
Qxd4 O-O 9. f4 c6 10. b3 Qb6 11. Qxb6 axb6 12. Bb2 b5 13. Bd3 Nd7 14. Rf3 Nc5
15. Ne2 f5 16. Rg3 g6 17. e5 dxe5 18. Bxe5 Nxd3 19. Rxd3 Bc5+ 20. Kh1 Be6 21.
h4 h5 22. Bd6 Bxd6 23. Rxd6 Bf7 24. Rd7 Rfd8 25. Rd4 Rxd4 26. Nxd4 Bd5 27. a4
bxa4 28. Rxa4 Rxa4 29. bxa4 b6 30. Kg1 Kf7 31. c4 c5 32. Nb5 Bc6 33. Nd6+ Ke6
34. Nc8 Bxa4 35. Nxb6 Bb3 36. Kf2 Kd6 37. Ke3 Kc6 38. Nd5 Bxc4 39. Ne7+ Kd6 40.
Nxg6 Bd5 41. g3 Be4 42. Nf8 Kd5 43. Nd7 c4 44. Nf6+ Kc5 45. Nxe4+ fxe4 46. Kxe4
Kb4 47. f5 Kc5 48. Ke5 Kc6 49. f6 Kd7 50. Kd4 Ke6 51. f7 Kxf7 52. Kxc4 Kf6 53.
Kd4 Kf5 54. Ke3 Kg4 55. Kf2 Kf5 56. Kf3 Ke5 1/2-1/2

[Event "36 Open Internacional Ciudad de San Seba"]
[Site "Donostia-San Sebastian"]
[Date "2013.03.30"]
[Round "9"]
[White "Peteiro Osta, Luis Angel"]
[Black "Mendia Rezola, Jokin"]
[Result "1-0"]
[WhiteElo "1914"]
[BlackElo "1708"]
[PlyCount "59"]
[EventDate "2013.03.23"]
[EventRounds "9"]
[EventCountry "ESP"]

1. e4 e5 2. Nc3 Nc6 3. Bc4 Nf6 4. d3 Bb4 5. Nge2 d5 6. exd5 Nxd5 7. O-O Nxc3 8.
Nxc3 O-O 9. a3 Bd6 10. f4 a6 11. Ne4 Be7 12. f5 Kh8 13. c3 Nb8 14. f6 Bxf6 15.
Nxf6 gxf6 16. Bh6 Rg8 17. Bxf7 Rg4 18. Qf3 f5 19. Bh5 Rg8 20. Rae1 Qf6 21. Be3
Nc6 22. Qf2 Bd7 23. d4 exd4 24. cxd4 Rxg2+ 25. Kxg2 Rg8+ 26. Kh1 Nxd4 27. Bxd4
Bc6+ 28. Bf3 Bxf3+ 29. Qxf3 Qxd4 30. Qc3 1-0

[Event "36 Open Internacional Ciudad de San Seba"]
[Site "Donostia-San Sebastian"]
[Date "2013.03.30"]
[Round "9"]
[White "Espin Laborde, Jesus Maria"]
[Black "Nogues Fernandez, Ramon"]
[Result "0-1"]
[WhiteElo "1742"]
[BlackElo "1902"]
[PlyCount "84"]
[EventDate "2013.03.23"]
[EventRounds "9"]
[EventCountry "ESP"]

1. e4 c5 2. Nf3 g6 3. Nc3 Bg7 4. d4 cxd4 5. Nxd4 Nc6 6. Be3 Nf6 7. Nxc6 bxc6 8.
e5 Ng8 9. f4 Nh6 10. Bd3 d6 11. Be4 Qc7 12. exd6 exd6 13. h3 O-O 14. O-O Re8
15. Bd4 Nf5 16. Bxf5 Bxd4+ 17. Qxd4 Bxf5 18. Rad1 d5 19. Qf2 h5 20. Rfe1 Qb6
21. Rxe8+ Rxe8 22. Qxb6 axb6 23. Rd2 Re1+ 24. Kf2 Rc1 25. Na4 b5 26. Nc3 Rxc2
27. Rxc2 Bxc2 28. Ke3 b4 29. Ne2 c5 30. Kd2 Be4 31. g3 Kf8 32. Nc1 Ke7 33. a3
bxa3 34. bxa3 Kd6 35. Ke3 f5 36. h4 d4+ 37. Kd2 c4 38. Ne2 Kc5 39. a4 c3+ 40.
Kc1 Kc4 41. a5 d3 42. Ng1 Kb3 0-1